[Event "2.BLN 1617 SK Zehlendorf - SV Werder Br"]
[Site "?"]
[Date "2017.03.19"]
[Round "7.3"]
[White "Richter, Christian"]
[Black "Lagunow, Raphael"]
[Result "1/2-1/2"]
[WhiteElo "2367"]
[BlackElo "2268"]
[Annotator "Matthias Krallmann"]
[PlyCount "71"]
[EventDate "2017.??.??"]

1. d4 d5 2. c4 c6 3. cxd5 cxd5 4. Bf4 Nf6 5. Nc3 Nc6 6. e3 a6 7. Rc1 e6 8. Bd3
Bd6 9. Bxd6 Qxd6 10. f4 b5 (10... Bd7 11. Nf3 O-O 12. Ne5 Ne7 13. O-O b5 14. g4
g6 15. g5 Nh5 16. Ne2 f6 17. gxf6 Nxf6 18. Ng3 Rac8 19. Qe2 Rc7 20. h4 Nf5 21.
Nxf5 exf5 22. Rxc7 Qxc7 23. Kh1 Be6 24. Rg1 Ng4 25. Kg2 Qe7 26. Kg3 Rc8 27. Qd2
Kg7 28. Rc1 Kh6 29. Be2 Nf6 30. Bf3 Ne4+ 31. Bxe4 fxe4 32. Rxc8 Bxc8 33. Qc1
Qe6 34. Qf1 b4 35. a3 a5 36. axb4 axb4 37. Qh1 Qf5 38. Qf1 Kg7 39. Kf2 Qh5 40.
Kg3 Qf5 41. Kf2 Kh6 {1/2-1/2 Krallmann,M (2280)-Fischdick,G (2280)/Germany
1994/GER}) 11. Nf3 Bb7 12. O-O O-O 13. Ne5 Ne7 14. Qf3 Rac8 15. a4 (15. a3)
15... b4 16. Nb1 Ne4 17. Qe2 a5 18. Nd2 f6 19. Nef3 Nf5 20. Nb3 Qb6 21. Nfd2
Nfd6 22. Bxe4 Nxe4 23. Nxe4 dxe4 24. Nc5 Rfd8 25. Rc2 (25. Qb5 Qxb5 26. axb5
Bd5 27. Ra1 Bc4 28. Rfc1 Bxb5 29. Rxa5 Be8 30. Rca1 $16) 25... Bd5 26. Rfc1 Rc6
27. Nb3 Rxc2 28. Qxc2 e5 29. Qc5 Qb8 (29... Qxc5 30. Nxc5 exf4 31. exf4 Bc6 32.
Ne6 Rd6 33. f5 g6 $11) 30. Nxa5 exf4 31. Nc6 Bxc6 32. Qxc6 fxe3 33. Qxe4 Re8
34. Qd3 (34. Qd5+ Kh8 35. Qb5 $14) 34... Qf4 35. Rf1 Qe4 36. Qxe4 {(=)} 1/2-1/2

[Event "2.BLN 1617 SK Zehlendorf - SV Werder Br"]
[Site "?"]
[Date "2017.03.19"]
[Round "7"]
[White "Hasic, Mirza"]
[Black "Kardoeus, David"]
[Result "0-1"]
[WhiteElo "2027"]
[BlackElo "2150"]
[Annotator "David Kardoeus"]
[PlyCount "146"]
[EventDate "2017.??.??"]
[WhiteTeam "SK Zehlendorf"]
[BlackTeam "SV Werder Bremen 2"]

1. Nf3 Nf6 2. b3 d5 3. Bb2 c5 4. e3 Nc6 5. d3 $6 Bg4 (5... d4 {[%cal Ge7e5,
Gf8d6] ist interessant}) 6. Be2 e6 7. O-O Be7 8. Nbd2 O-O 9. h3 Bh5 10. c4 a6
11. Re1 Qd6 12. Rc1 Rfd8 13. Ba3 Nb4 14. Bxb4 cxb4 15. c5 Qc7 16. d4 Qa5 17.
Ne5 Bxe2 18. Rxe2 Nd7 19. Ndf3 Bf6 {[#]} 20. Ng4 (20. c6 Bxe5 21. cxb7 Rab8 22.
dxe5 Rxb7 23. Nd4 $16) 20... Rac8 21. Rec2 Rc7 22. h4 Rdc8 23. h5 h6 24. Qd2
Qb5 25. Ne1 a5 26. Nd3 Be7 27. f3 Nb8 28. Nge5 Nc6 29. Nxc6 Rxc6 30. Ne5 R6c7
31. Qd3 Qxd3 32. Nxd3 {[#]} b6 33. c6 {ich war der Meinung, dass der Bauer
langrfristig eine Schwäche ist} Bf6 34. f4 Kf8 35. g4 Ke7 36. Ne5 Bxe5 37.
dxe5 f6 38. Kf2 {[#] (=)} Rf8 {da es 4:3 für Zehlendorf stand, war ein Remis
keine Option} 39. Ke2 fxe5 40. fxe5 Kd8 41. Rg1 Rcf7 42. Rg2 Kc7 43. Kd3 Rf1
44. g5 Rd1+ 45. Ke2 Rdf1 46. gxh6 gxh6 47. Kd3 Rd1+ 48. Ke2 Rdf1 49. Kd3 {[#]}
R1f5 {ich musste Weiß ein wenig Spiel geben, um nicht die Stellung zu
wiederholen} 50. Rg6 Rxe5 51. Rxh6 Rf7 {[#] sollte ein Schach auf der 7ten
verhindern, ermöglich Weiß dadurch aber anderes} 52. Rg6 $2 (52. Rh8 $1 {
mit einer schönen Idee} Re4 53. Ra8 Kd6 54. h6 Rh4 55. c7 $3 Rxc7 56. Rxc7
Kxc7 57. h7 $18 {[#]}) 52... Kd6 53. h6 Rf3 {[#]} 54. Re2 $2 (54. h7 {hält
remis} Rfxe3+ 55. Kd2 Re2+ 56. Kd1 (56. Kc1 $4 Rxc2+ 57. Kxc2 Rh5 $19 {[%csl
Rc6,Rh7]}) 56... Re1+ 57. Kd2 R1e2+ 58. Kd1) 54... Rh3 $17 55. c7 Kxc7 56. Rg7+
Kd6 57. h7 Reh5 58. Rb7 Kc6 59. Re7 Kd6 60. Rb7 Rxh7 61. Rxb6+ Ke5 62. Ra6 Rc7
{der Rest ist Technik} 63. Rxa5 Rc3+ 64. Kd2 Ke4 65. Ra6 $2 e5 66. Rb6 Rcxe3
67. Rxe3+ Rxe3 68. Rxb4+ d4 69. Rb5 Rh3 70. a4 Rh2+ 71. Ke1 d3 72. a5 Kd4 73.
Rb4+ Ke3 0-1

[Event "OL-NORD WEST 1617 SV Werder Bremen - Po"]
[Site "?"]
[Date "2016.12.04"]
[Round "3.5"]
[White "Mittelstaedt, Hendrik"]
[Black "Lai Hop, Duong"]
[Result "0-1"]
[WhiteElo "2056"]
[BlackElo "2164"]
[Annotator "Matthias Krallmann"]
[PlyCount "158"]
[EventDate "2016.??.??"]

1. d4 d5 2. Nc3 Nf6 3. Bf4 c6 4. e3 Bf5 5. f3 e6 6. g4 Bg6 7. h4 h6 8. Bd3 Bxd3
9. Qxd3 Bd6 10. Nge2 Bxf4 11. exf4 Nbd7 12. O-O-O Qc7 13. Kb1 O-O-O 14. Qe3
Rde8 15. Nc1 h5 16. g5 Nh7 17. Nd3 g6 18. Rc1 Nhf8 19. b3 Nb6 20. Ne5 Re7 21.
Nd1 Nfd7 22. Nf2 Kb8 23. c4 Nxe5 24. fxe5 Rd7 25. Nd3 dxc4 26. Nc5 {Diagramm #}
cxb3 $5 (26... Rdd8 27. bxc4 Nd7 $11) 27. Nxd7+ Qxd7 28. axb3 Rd8 29. Rhd1 Nd5
30. Qd2 Qc7 31. Rc5 Qb6 32. Kb2 Qb4 33. Qxb4 Nxb4 34. Ka3 Nd5 35. Rd3 Ne7 36.
Rc2 Nf5 37. Rh2 Kc7 38. Rhd2 Rd5 39. b4 Nxh4 40. Kb3 Nf5 41. Kc4 a6 42. Ra2 Ne7
43. Rd1 Rd8 44. Rad2 Nd5 45. Rb1 Kb6 46. Ra1 Ne3+ 47. Kd3 Nf5 48. Kc4 Rd5 49.
Rd3 Ne7 50. Rd2 Rb5 51. Rb2 Rd5 52. Ra5 Rd8 53. Rd2 h4 54. Ra1 Nf5 55. Rh1 Rh8
56. Rh3 Rh5 57. f4 Rh8 58. Ra2 Rd8 59. Rd2 Rd5 60. Rb3 Kc7 61. Ra3 Rd8 62. Rh3
b5+ 63. Kc3 Kb6 64. Rhd3 a5 65. bxa5+ Kxa5 66. Ra2+ Kb6 67. Rd1 Ne3 68. Rda1
Nd5+ 69. Kb3 Nc7 70. Kc3 c5 71. dxc5+ Kxc5 72. Rh2 b4+ 73. Kc2 Kc4 74. Ra7 $6 (
74. Rxh4 Rd4 75. Kb2 Nd5 76. Rc1+ Nc3 77. Rc2 $13) 74... Nb5 75. Rxf7 $2 {
Diagramm #} b3+ $19 76. Kc1 Ra8 77. Rb2 Kc3 78. Rb7 Ra1+ 79. Rb1 b2+ {Der
entscheidende Partiegewinn zum Mannschaftserfolg!} 0-1

[Event "OL-NORD WEST 1617 SV Werder Bremen - SV"]
[Site "?"]
[Date "2017.01.15"]
[Round "4.2"]
[White "Kardoeus, David"]
[Black "Raum, Sebastian"]
[Result "1-0"]
[WhiteElo "2173"]
[BlackElo "2128"]
[PlyCount "57"]
[EventDate "2017.??.??"]

1. e4 c5 2. Nf3 d6 3. d4 cxd4 4. Nxd4 Nf6 5. Nc3 a6 6. Bg5 e6 7. f4 Nbd7 8. Bc4
b5 9. Bxe6 fxe6 10. Nxe6 Qb6 (10... Qa5 11. Nxf8 Rxf8 12. Qxd6 Kf7 13. e5 b4
14. e6+ Kg8 15. exd7 Bxd7 16. Bxf6 Rxf6 17. Qxd7 Rd8 18. Qh3 bxc3 19. O-O Qb6+
20. Kh1 Qxb2 21. Rad1 Rdf8 22. Qd3 Qxa2 23. g3 Rc8 24. Rfe1 Re6 25. Qd7 Rxe1+
26. Rxe1 Rf8 27. Qd3 Rc8 28. Qd7 Rf8 29. Qd3 Rc8 30. Re7 Kh8 31. f5 Qa4 32. Re6
Qb5 33. Qxb5 axb5 34. Rb6 Kg8 35. Rxb5 Rd8 36. Rc5 Rd1+ 37. Kg2 Rd2+ 38. Kf3
Rxc2 39. Rc7 Rc1 {1/2-1/2 Naiditsch,A (2687)-Negi,P (2621)/Wijk aan Zee 2010/
CBM 135}) 11. Nd5 Qc6 (11... Nxd5 12. Qxd5 Bb7 13. Nc7+) 12. Ndc7+ Ke7 13. Qd4
Bb7 14. e5 Rc8 15. O-O-O dxe5 16. fxe5 Rxc7 17. Nxc7 Qxc7 18. Rhe1 (18. exf6+
gxf6 (18... Nxf6 19. Rhe1+ Kf7 20. Bxf6 gxf6 21. Qd7+) 19. Rhe1+) 18... Nxe5
19. Rxe5+ Kf7 20. Rde1 Bd6 21. Re6 Rc8 22. c3 (22. Rxf6+ gxf6 23. Qxf6+ Kg8 24.
Qe6+ Qf7 25. Qxd6 Bxg2 26. Qg3 (26. Rg1 Qf5 27. Qd2 Be4 28. Bf6+ Kf7 29. Rg7+
Kxf6 30. Qd4+ Qe5 31. Rf7+ Kxf7 32. Qxe5 Rxc2+ 33. Kd1 Bg6) 26... Qf3) 22...
Bc5 (22... Rd8) (22... Nd5 23. Qf2+ Bf4+ (23... Nf6 24. Rxf6+ gxf6 25. Qxf6+
Kg8) 24. Bxf4 (24. Kb1 Kg8 25. g3 Bd6 (25... Nb4 26. Bxf4)) 24... Qxf4+ 25.
Qxf4+ Nxf4 26. Re7+ Kg8 27. Rf1 (27. Rxb7 Nd3+ 28. Kd2 Nxe1 29. Kxe1 Rc6) 27...
Nd3+ 28. Kc2 Nc5 29. b4 Be4+ 30. Kb2 Nd3+) 23. Qh4 Kg8 24. Bxf6 gxf6 25. Qg4+
Kh8 26. Re8+ Bf8 27. R1e7 Qxe7 28. Rxe7 Bxe7 29. Qd7 1-0

[Event "OL-NORD WEST 1617 SV Werder Bremen - SV"]
[Site "?"]
[Date "2017.01.15"]
[Round "4.4"]
[White "Lai Hop, Duong"]
[Black "Markgraf, Stefan"]
[Result "1-0"]
[WhiteElo "2173"]
[BlackElo "2111"]
[PlyCount "95"]
[EventDate "2017.??.??"]

1. d4 Nf6 2. Nf3 e6 3. Bf4 b6 4. e3 Bb7 5. Nbd2 d6 6. Bd3 Nbd7 7. Qe2 Be7 8. h3
O-O 9. e4 c5 10. c3 Re8 11. O-O Nf8 12. g4 $6 (12. e5 dxe5 13. dxe5 N6d7 14.
Be4 $14) 12... Ng6 13. Bg3 Bf8 14. Rad1 Qc8 (14... Qc7 15. e5 Nd7 16. Rfe1 dxe5
17. dxe5 Rad8 $11) 15. Nh4 a5 16. f4 Ba6 17. f5 Nxh4 18. Bxh4 e5 19. d5 Be7 20.
Bxa6 Qxa6 21. Qxa6 Rxa6 22. Bxf6 Bxf6 23. a4 Rb8 24. c4 (24. Nc4 b5 25. axb5
Rxb5 26. Ra1 Bd8 27. Ra4 Kf8 28. Rfa1 Rb3 29. Kf2 Ke7 30. Ke2 Kd7 31. Kd3 Kc8
32. Kc2 Rb5 33. b4 cxb4 34. cxb4 Bc7 35. bxa5 Rc5 36. Kd3 $16) 24... Bg5 25.
Nb1 Be3+ 26. Kg2 Kf8 27. Kf3 Bf4 28. Nc3 g5 29. Rh1 Ke7 30. h4 h6 31. Ne2 Raa8
32. hxg5 hxg5 33. Rh6 Rf8 34. Rdh1 Rad8 35. Rh7 Rd7 36. Nc3 Rfd8 37. R1h6 Rf8
38. Nb5 Bc1 39. b3 Bb2 40. Re6+ Kd8 41. Rxd6 Rxd6 42. Nxd6 Ke7 43. Nb5 Rd8 44.
Rh6 Rb8 45. Na7 Rb7 46. Nc6+ Kd7 47. Rh5 Bc1 48. Nxe5+ 1-0

[Event "OL-NORD WEST 1617 SV Werder Bremen - SV"]
[Site "?"]
[Date "2017.01.15"]
[Round "4.6"]
[White "Schoetzig, Detlef"]
[Black "Hagemann, Sven"]
[Result "1/2-1/2"]
[WhiteElo "2114"]
[BlackElo "2007"]
[Annotator "M.K."]
[PlyCount "83"]
[EventDate "2017.??.??"]

1. Nf3 d5 2. d4 Nf6 3. c4 c6 4. e3 Bf5 5. Nc3 e6 6. Be2 Nbd7 (6... h6 7. Bd3)
7. O-O Ne4 8. Nd2 Nxc3 9. bxc3 Bd6 10. cxd5 exd5 11. c4 Nf6 12. Bb2 (12. cxd5
Nxd5 (12... cxd5 13. Qb3 Qc7 (13... Qe7 14. a4) 14. h3) 13. Qb3 Nb6 (13... Rb8
14. Ba3) (13... Qe7 14. Nc4 Bb4 15. a3 Bc3 16. Ra2 O-O 17. Bb2) 14. Ba3 Be6 15.
Qc3) 12... O-O 13. cxd5 cxd5 14. Bf3 $6 (14. Qb3 Qc7 15. h3 Bc2 16. Qc3 Qxc3
17. Bxc3 Rac8 18. Bb2 Bb4 19. Nf3 Rc7 20. Rfc1 Rfc8 $15) 14... Qd7 (14... Rc8
15. Rc1 (15. Nb3 Rc2 16. Rb1 Qc7 17. h3 Rc8 $17) 15... Qa5 $17) 15. Qb3 Rfc8
16. Rfc1 Be6 17. Ba3 b6 18. Bxd6 Qxd6 19. Qb2 Bf5 20. Rxc8+ Rxc8 21. Rc1 Rc6
22. Bd1 Qc7 23. Rxc6 Qxc6 24. Nf3 Ne4 25. Bb3 Qc3 26. Qe2 Qc1+ 27. Qf1 Qxf1+
28. Kxf1 Be6 29. Ke1 f6 30. Nd2 Nxd2 31. Kxd2 Kf7 32. Kc3 a5 33. f3 f5 34. Bc2
b5 35. a3 Ke7 36. Bd3 Bd7 37. h3 Kd6 38. h4 g6 39. Be2 Bc6 40. Bd1 Ke6 41. Bc2
Kd6 42. h5 {(=)} 1/2-1/2

[Event "OL-NORD WEST 1617 Bremer SG - SV Werder"]
[Site "?"]
[Date "2017.02.05"]
[Round "5.6"]
[White "Peters, Frank"]
[Black "Schoetzig, Detlef"]
[Result "1-0"]
[WhiteElo "2115"]
[BlackElo "2114"]
[Annotator "M.K."]
[PlyCount "105"]
[EventDate "2017.??.??"]

1. c4 e5 2. g3 Nf6 3. Bg2 Nc6 (3... c6 {M.K.}) 4. Nc3 Bc5 5. e3 O-O 6. Nge2 Re8
7. O-O Bf8 8. d4 d6 9. h3 (9. b3 h5 10. h3 g6 11. d5 Nb8 12. e4 h4 13. g4 Nh7
14. Be3 Be7 15. Kh1 Nd7 16. f4 exf4 17. Nxf4 Ne5 18. Nd3 Bf6 19. Qc2 b6 20. Rf2
Nxd3 21. Qxd3 Be5 22. Raf1 f6 23. Ne2 g5 24. Nd4 Bd7 25. Nf3 Bg3 $2 (25... Qe7
$11) 26. e5 $1 Bxf2 27. Rxf2 Rf8 28. e6 Be8 29. Nd4 f5 30. Nxf5 Bg6 31. e7 {
1-0 Belous,V (2573)-Torre,E (2468)/Olongapo City 2015/CBM 169 Extra}) 9... Rb8
10. b3 Bd7 11. Bb2 a6 12. Qd2 h6 (12... b5 13. cxb5 axb5 14. Rac1) 13. Kh2 Qc8
14. Nd5 Nh7 15. f4 e4 (15... exd4 16. Nxd4 Nxd4 17. Bxd4 Be6 18. Rac1 Qd7 19.
e4 $14) 16. Ndc3 (16. g4 f5 17. gxf5 Bxf5 18. Ng3 Ne7 (18... Nf6 19. Nxf6+ gxf6
20. d5) 19. Nc3 $16) 16... f5 17. d5 Ne7 18. Qd4 Nf6 19. Rac1 Qd8 20. Rc2 Ng6
21. Nd1 Qe7 22. Nf2 Qf7 23. a4 Ne7 24. Qc3 b6 (24... b5 25. axb5 axb5 26. Ra1
bxc4 27. bxc4 Ra8 (27... Rb7 28. Ra6 Reb8 29. Ba1 c6) 28. Rcc1) 25. Ra1 a5 26.
Rd1 Qh5 27. Kg1 Kh8 28. Qd2 Qg6 29. Kh2 Neg8 30. Rg1 Nh5 31. Bf1 Nhf6 32. Nd4
Qf7 33. Nb5 Rbc8 34. Bc3 Be7 35. Na7 Ra8 36. Nb5 Rac8 37. Be2 Bxb5 (37... Nh7
38. g4 Bh4 39. gxf5 Ngf6 40. Ng4 Bxf5 41. Qd1 $14) 38. axb5 Nd7 39. g4 Bh4 40.
gxf5 Ngf6 (40... Bxf2 41. Rxg7 Qxg7 42. Bxg7+ Kxg7 43. Bh5 Bh4 44. Qg2+) 41.
Ng4 Ra8 42. Ra2 Nc5 43. Qd1 (43. Nxh6 gxh6 44. Rg4 Rg8 (44... Bf2 45. Rg6 $18)
45. Rxh4 Kh7 46. Bg4 $16) 43... Rf8 44. Bd4 (44. Nxh6 gxh6 45. Bh5 Qe7 46. Rg6
$18) 44... Qe7 45. Bf1 Rg8 46. Rag2 Raf8 (46... Kh7 47. Qc2 Nxg4+ 48. Rxg4 Bf6
49. Rg6 Raf8 (49... a4 50. bxa4 Nxa4 51. Bxf6 gxf6 52. Qf2 Rxg6 53. Rxg6 Rg8
54. Qg3 (54. Qg2))) 47. Nxh6 gxh6 48. Qh5 Kh7 49. Qxh4 Rxg2+ 50. Rxg2 Rf7 51.
Rg6 Ng8 52. Qg4 Nf6 53. Rxh6+ 1-0

[Event "OL-NORD WEST 1617 Bremer SG - SV Werder"]
[Site "?"]
[Date "2017.02.05"]
[Round "5.7"]
[White "Pollmann, Sascha"]
[Black "Rust-Lux, Klaus"]
[Result "1-0"]
[WhiteElo "2065"]
[BlackElo "2070"]
[Annotator "M.K."]
[PlyCount "59"]
[EventDate "2017.??.??"]

1. Nf3 d6 2. g3 e5 3. d3 f5 4. Bg2 Nf6 5. O-O g6 6. e4 fxe4 7. dxe4 Bg7 8. Re1
O-O 9. Nbd2 Na6 10. Qe2 Kh8 11. Nb3 Qe7 12. Bg5 Be6 13. Rad1 h6 14. Nh4 Kh7 15.
Bc1 Nh5 $6 (15... Qf7 16. f4 exf4 17. gxf4 Rae8 18. e5 dxe5 19. fxe5 Bg4 20.
Bf3 Bxf3 21. Nxf3 Ng4 22. Rf1 Qe6 23. Nbd4 Qxa2 24. e6 $44) 16. Nf5 {Diagramm #
} (16. Na5 Bc8 17. Qd2 Nc5 18. b4 Ne6 19. Re3 $13) 16... gxf5 $2 (16... Qf7 17.
Nxg7 Nxg7 18. Be3 (18. Qe3 g5 19. h4 Bxb3 (19... Qf6 20. hxg5 hxg5 21. Rf1 Kg6
22. f4 gxf4 23. gxf4 exf4 24. Rxf4 Qxf4 25. Qxf4 Rxf4 26. Bxf4 Rf8 27. Be3 b6)
20. axb3 Ne6 21. Bh3 Nd4 22. Rxd4 exd4 23. Qxd4 gxh4 24. Bf5+ Kg8) 18... Nb8
19. Qd2 g5 $11) 17. Qxh5 $2 (17. exf5 Bxf5 (17... Bf7 18. Bxb7 Nb4 19. Bxa8
Rxa8 20. a3 Nc6 21. Qf3 Qe8 22. g4 Nf6 23. Qh3 Nxg4 24. Qxg4 Bh5 25. Qe4 Bxd1
26. Rxd1 $16) 18. Bxb7 Rab8 19. Bxa6 Qf7 20. Bd3 $16) 17... f4 18. gxf4 exf4
19. e5 dxe5 $2 {Diagramm #} (19... d5 20. Bxd5 Bxd5 21. Rxd5 Nb4 22. Rc5 $16)
20. Bxb7 $18 Kh8 (20... Nc5 21. Bxa8 Rxa8 22. Nxc5 Qxc5 23. Bxf4 Rg8 24. Bg3)
21. Bxa6 Rf5 22. Qf3 Raf8 23. Kh1 Qh4 24. Be2 Rg5 25. Rg1 Rxg1+ 26. Rxg1 Rd8
27. c4 Bf5 28. Qg2 Qe7 29. Bg4 Bh7 30. Nc5 $2 (30. Be6 Qg5 31. Qf3 Qf6 32. Bd5
$18) 1-0

[Event "OL-NORD WEST 1617 Bremer SG - SV Werder"]
[Site "?"]
[Date "2017.02.05"]
[Round "5.5"]
[White "Buescher, Andre"]
[Black "Giel, Olaf"]
[Result "1/2-1/2"]
[WhiteElo "2048"]
[BlackElo "2128"]
[Annotator "M.K."]
[PlyCount "69"]
[EventDate "2017.??.??"]

1. d4 Nf6 2. c4 e5 3. dxe5 Ng4 4. Bf4 Nc6 5. Nf3 Bb4+ 6. Nbd2 Qe7 7. a3 Ngxe5
8. Nxe5 Nxe5 9. e3 Bxd2+ 10. Qxd2 d6 11. Be2 O-O 12. O-O b6 13. b4 Bb7 14. Qc3
Rfe8 15. c5 dxc5 16. bxc5 Qf6 17. Rfc1 bxc5 $2 (17... Rad8) 18. Bf1 $2 (18.
Qxc5 Qg6 19. Bg3 Nd3 20. Bxd3 Qxd3 21. Rc3 Qd7 22. Rb1 $16) 18... c4 19. Bxe5
Rxe5 20. f4 (20. Qxc4 c5) (20. Rab1 Be4 21. Rb4 c6 22. Qxc4 $14) 20... Re4 21.
Qxf6 gxf6 22. Rxc4 Rxe3 23. Rxc7 Bd5 24. Rd1 Be6 25. Rd3 Rxd3 26. Bxd3 Rd8 27.
Rc3 f5 28. Kf2 Kg7 29. Ke3 Rd7 30. Rc5 Kf6 31. Ra5 Rb7 32. Rb5 Rc7 33. Ra5 Rb7
34. Rb5 Rc7 35. Ra5 1/2-1/2

[Event "OL-NORD WEST 1617 Bremer SG - SV Werder"]
[Site "?"]
[Date "2017.02.05"]
[Round "5.4"]
[White "Issing, Peter"]
[Black "Lai Hop, Duong"]
[Result "1-0"]
[WhiteElo "2175"]
[BlackElo "2173"]
[Annotator "M.K."]
[PlyCount "89"]
[EventDate "2017.??.??"]

1. d4 d5 2. Nf3 Nf6 3. c4 c6 4. e3 Bf5 5. Nc3 e6 6. Nh4 Bg4 7. Qb3 b6 (7... Qc7
8. Bd2 Bh5 {The positions of modern Slav with 4.e3 Bf5 are still quite
unexplored; the 8th move is already new.} (8... Be7 9. h3 Bh5 10. g4 Bg6 11.
Nxg6 hxg6 12. Bg2 (12. g5 Ne4 13. Nxe4 dxe4 14. Rg1 Rh5 15. Qc2 Rxg5 16. Rxg5
Bxg5 17. Qxe4 Nd7 18. O-O-O O-O-O 19. c5 Be7 20. Bc4 Nf6 21. Qc2 Kd7 {1/2-1/2
Nogueiras Santiago,J (2455)-Bernstein,D (2360)/La Valetta 1980 (34)}) 12... g5
(12... Nbd7 13. O-O-O g5 14. Kb1 Nb6 15. cxd5 exd5 16. e4 Nxe4 17. Nxe4 dxe4
18. Bxe4 O-O-O 19. Qxf7 Rxd4 20. Bc3 Rxd1+ 21. Rxd1 Rd8 22. Rxd8+ Qxd8 23. Qe6+
Qd7 24. Bf5 {1-0 Ismail,S (2190)-Greeff,M (2079)/Cairo 2010 (33)}) 13. Rc1 Qb6
14. Na4 Qxb3 15. axb3 Na6 16. Ke2 Nd7 17. Ra1 g6 18. Nc3 {1/2-1/2 Savon,V 
(2435)-Hlian,E (2385)/Orel 1996}) 9. Rc1 dxc4 (9... Nbd7 $2 10. cxd5 exd5 11.
Nxd5 Nxd5 12. Qxd5 $16) 10. Bxc4 Be7 11. h3 Qb6 12. g3 (12. g4 Bg6 13. Nxg6
hxg6 14. Ke2 Nbd7 $14) 12... Nbd7 13. O-O Nd5 {'=' Ftacnik,L. Vallejo Pons has
decided to abstain from pushing away the knight on h4 with the help of the
g-pawn. Black has a very solid position without weaknesses.} (13... g5 $5 14.
Ng2 O-O-O 15. g4 Bg6 16. f4 h6 17. f5 exf5 18. gxf5 Qxb3 19. Bxb3 Bh5 $11) 14.
Ng2 (14. Nxd5 exd5 15. Nf5 Bf8 16. Bd3 Qxb3 17. axb3 Bf3 $11) 14... Bg6 15. f3
(15. Nh4 Bh5 $11) 15... O-O 16. Ne2 (16. Nxd5 exd5 17. Be2 Qxb3 18. axb3 a5 19.
Nf4 Rfe8 $11) 16... a5 $1 {The advance of the a pawn is complicating Aronian's
ambition to slowly advance his pawn centre.} 17. a3 (17. e4 a4 18. Qxb6 N5xb6
19. Ne3 Rfd8 $11) 17... Qa7 (17... Qxb3 18. Bxb3 a4 19. Bc4 N5b6 $11) 18. Nef4
(18. e4 a4 19. Qd1 N5b6 20. Ba2 e5 $11) 18... Nxf4 (18... a4 19. Qa2 Bf5 20. g4
Bg6 $15) 19. Nxf4 (19. gxf4 $2 Nb6 $17) 19... e5 $5 {Black is demonstrating
strategic courage at a moment, when the moderate approach without the opening
of the centre has kept the position about equal.} (19... a4 20. Qc3 Nb6 $11)
20. Nxg6 hxg6 21. dxe5 {White is beginning his descent into a difficult
position since he realised, that the desirable 21.d5 would have been outright
dangerous.} (21. d5 Nc5 22. Qc3 (22. Qd1 b5 23. Ba2 cxd5 24. Bxd5 Rad8 25. Bc3
Bg5 $15) 22... cxd5 23. Bxd5 Rfd8 24. Qc4 (24. Bc4 b5 25. Bxb5 e4 $15) 24... b5
25. Qa2 Rxd5 26. Qxd5 Rd8 27. Rxc5 Qxc5 28. Qxc5 Bxc5 29. Bxa5 Bxe3+ 30. Kg2
Rd3 $11) 21... Nxe5 22. Be2 Rad8 23. Qc3 $6 {Aronian has got worried about the
e3 pawn and thus loses a precious tempo.} (23. Rcd1 $1 Bf6 (23... a4 24. Qc2
Bc5 25. Bc3 Bxe3+ 26. Kg2 Nd7 27. Bc4 $14) 24. Qc2 Rd5 25. Kg2 $14) 23... Rd5
24. f4 (24. Rcd1 Rc5 25. Qb3 a4 26. Qb4 b5 $15) 24... Rfd8 $1 25. fxe5 (25.
Rcd1 Nd3 $17) (25. Be1 $2 Rc5 $19) 25... Rxd2 26. Rce1 $2 {White has worked
himself into difficult position and at this moment badly needed to choose the
best line.} (26. Bc4 $1 R8d3 27. Bxd3 Qxe3+ 28. Kh1 Rxd3 29. Qe1 Qxg3 30. Qxg3
Rxg3 31. Kh2 Rb3 $15) 26... b5 $1 27. Rf2 (27. Qxc6 $2 Qxe3+ 28. Rf2 Bc5 $19)
27... Bc5 (27... b4 $2 28. Qb3 Bc5 29. Bc4 Rxf2 30. Kxf2 Rd2+ 31. Re2 a4 32.
Bxf7+ Kf8 33. Qc4 Bxe3+ 34. Kf3 $13) 28. Bf1 b4 29. Rxd2 $8 {A sad necessity
in the face of immediate demise. The defender can continue the game with two
rooks fighting the black queen.} (29. Qb3 $2 a4 $19) 29... bxc3 30. Rxd8+ Kh7
31. bxc3 Qe7 32. Rd3 Qxe5 33. Kg2 Bxa3 34. e4 Bd6 {The presence of the
opposite coloured bishops is a blessing for the stronger party. The defence of
the white king will be tying down Aronian's forces.} (34... a4 35. Rf3 Bc5 36.
Bc4 (36. Rxf7 Qxc3 37. Re2 a3 $19) 36... f6 $17) 35. Rf3 Qc5 (35... a4 36. Bc4
f6 $17) 36. e5 $6 (36. Ra1 Be5 37. Be2 f6 38. Ra2 $17) 36... Bxe5 37. Re4 (37.
Rxf7 Qxc3 38. Rxe5 Qxe5 $19) 37... f5 38. Rc4 (38. Rh4+ Kg8 39. Bd3 Kf7 $19)
38... Qb6 {Black's king is not in trouble on the h-file and white pawns keep
disappearing.} 39. g4 (39. Bd3 Bb8 40. Rh4+ Kg8 41. Bc4+ Kf8 42. Re4 Ba7 $19)
39... f4 40. h4 Qb2+ 41. Kh3 (41. Rf2 Qb3 42. Be2 (42. Rf3 a4 $19) 42... a4 43.
Rxc6 a3 $19) 41... Bb8 42. h5 gxh5 43. Bd3+ Kg8 44. gxh5 Qc1 (44... Qb7 45. Re4
Qd7+ 46. Kh4 Kf8 47. Rd4 Qe7+ 48. Kg4 c5 $19) 45. Be4 c5 (45... Qh1+ 46. Kg4
Qg1+ 47. Kh3 c5 $19) 46. Kg2 Qd2+ 47. Rf2 Qd7 48. Bf3 Qf5 {1/2-1/2 Aronian,L 
(2781)-Vallejo Pons,F (2705)/Linares 2010/CBM 135/[Ftacnik,L] The players
agreed to a draw in a situation, that is objectively winning for Black.}) 8. h3
Bh5 9. g4 Nfd7 $6 10. Ng2 $6 (10. cxd5 Qxh4 (10... exd5 11. Nxd5 Bg6 12. Nxg6
hxg6 13. Bg2 $16) 11. dxc6 Nxc6 12. Qa4 Ne7 13. Bb5 Rd8 14. gxh5 $16) 10... Bg6
11. Nf4 Nf6 12. Nxg6 hxg6 13. Bg2 g5 14. Bd2 Be7 15. O-O-O Nbd7 16. Kb1 Rc8 17.
cxd5 Nxd5 18. Ne2 Bd6 $6 19. e4 Nf4 20. Nxf4 (20. Bxf4 Bxf4 21. e5 Rh4 22. Qf3
$16) 20... Bxf4 21. Be3 Bxe3 22. fxe3 e5 23. Rhf1 Qe7 24. Rf2 Rh6 25. Rfd2 Rd6
26. Qa3 Rc7 27. d5 c5 (27... Nc5 28. dxc6 Rxd2 29. Rxd2 Rxc6 $15) 28. Bf1 Nf6
29. Qa4+ Kf8 30. Rc1 Rd8 31. Bb5 a5 32. Rf2 Ng8 33. Rcf1 Nh6 34. Bc6 f6 35. Qb3
Rb8 36. a4 (36. h4 Nf7 37. hxg5 Nxg5 38. Rh1 $18) 36... Nf7 37. Rh2 Nd6 $2 (
37... Qd6 38. h4 Ke7 39. hxg5 Nxg5 40. Qc2 Rxc6 41. dxc6 Qxc6 $11) 38. h4 gxh4
39. Rxh4 Kg8 40. Rfh1 c4 41. Qc2 Rcc8 42. Qh2 Nf7 43. d6 Qxd6 44. Rh8+ Nxh8 45.
Bd5+ 1-0

[Event "OL-NORD WEST 1617 SV Werder Bremen - Un"]
[Site "?"]
[Date "2017.02.19"]
[Round "6.4"]
[White "Brinkmann, Fabian"]
[Black "Wittje, Berthold"]
[Result "1-0"]
[WhiteElo "2079"]
[BlackElo "2214"]
[Annotator "Matthias Krallmann"]
[PlyCount "85"]
[EventDate "2017.??.??"]

1. d4 Nf6 2. c4 e6 3. Nf3 Bb4+ 4. Nbd2 O-O 5. g3 b6 6. Bg2 Bb7 7. O-O d5 8. Qc2
Nbd7 9. a3 Be7 10. b4 dxc4 11. Nxc4 c5 12. dxc5 bxc5 13. b5 a6 14. bxa6 Rxa6
15. Bb2 Be4 16. Qc3 Nb6 17. Nxb6 Qxb6 18. Nd2 Bxg2 19. Kxg2 Rb8 20. Rab1 Qb7+
21. f3 Rb6 22. Ba1 Qa6 23. Rxb6 Rxb6 24. Nc4 Rb7 25. Rd1 h6 26. Rd2 Qa4 27. Rb2
Rxb2 28. Nxb2 Qa6 29. Nc4 Bf8 30. e4 Qb5 31. Qc2 Be7 32. a4 {Diagramm # Weiß
hat hier eine vorteilhafte Stellung. Der gegnerische Freibauer ist vom starken
Springer zuverlässig blockiert, der eigene Freibauer kann laufen.} Qb4 33. Ne5
Bf8 34. Bc3 Qb7 35. Qd3 (35. a5 {Freibauern müssen laufen!}) 35... Qb3 36. a5
Be7 37. Nc6 (37. a6 {Freibauern müssen laufen!}) 37... Kf8 38. Nxe7 Qa2+ 39.
Qd2 Qxd2+ 40. Bxd2 Kxe7 41. a6 {Diagramm # Der Freibauer entscheidet!} Nd7 42.
Ba5 Kd6 43. a7 {Sehr schön! Eine Partie für das Lehrbuch!} 1-0